000 01233nam a2200205Ia 4500
003 OSt
005 20210715134726.0
008 210310t2014 ck aod fr 000 0 spa d
040 _aCO-JMCR
_cCO-JMCR
041 0 _aspa
082 0 4 _a332.672 /
_bP841g
_223
110 2 _aPortafolio
_913699
245 1 0 _aGuía del buen inversionista /
_cPortafolio
260 _aBogotá :
_bPortafolio,
_c©2014
300 _a95 páginas :
_bilustraciones, fotografías y gráficas a color ;
_c30 cm.
505 0 _a¿Qué es y cómo funciona una bolsa de valores? -- Pasos a seguir para hacer inversiones en la bolsa -- ¿En qué productos puedo invertir a través de la BVC?: acciones -- ¿En qué productos puedo invertir a través de la BVC?: bonos -- La familia de índices de la BVC -- ¿En qué productos puedo invertir a través de la BVC?: el mercado de frutos -- Fondos de inversión colectiva -- Otros productos y mercados para invertir -- ¿Cómo tomar decisiones de inversión? el análisis fundamental -- ¿Cómo tomar decisiones de inversión? el análisis estadístico -- Antes de empezar a invertir -- Ángeles inversionistas
650 1 4 _aBolsa de valores
_916370
650 1 4 _aFondos de inversión
_xGuía
_938491
942 _2ddc
_cBK
999 _c8113
_d8113